Normal view
MARC view
- Guzmán Esparza, Roberto
Entry Nombre Personal
001 - NUMERO DE CONTROL
- campo de control: 47155
003 - IDENTIFICADOR DE NUMERO DE CONTROL
- campo de control: DLC
005 - FECHA Y HORA DE LA ÜLTIMA TRANSACCIÓN
- campo de control: 20221019182405.0
008 - DATOS DE LONGITUD FIJA
- campo de control de longitud fija: 221019n| acannaabn |a aaa
010 ## - NÚMERO DE CONTROL DE LA BIBLIOTECA DEL CONGRESO
- Número de control LC: n 86007537
035 ## - NUMERO DE CONTROL
- Número de control: (OCoLC)oca01831303
040 ## - FUENTE DE CATALOGACIÓN
- Agencia original de catalogación: DLC
- Lenguaje de catalogación: spa
- Agencia de transcripción: DLC
- Agencia que lo modifica: OCoLC
100 1# - ENCABEZAMIENTO - NOMBRE PERSONAL
- Nombre personal: Guzmán Esparza, Roberto
400 1# - VEÁSE - NOMBRE DE PERSONA
- Personal name: Esparza, Roberto Guzmán
670 ## - FUENTE EN LA QUE SE LOCALIZARON DATOS
- Cita de la fuente: Memorias de don Adolfo de la Huerta según su propio dictado, 1981:
- Información localizada: portada (Lic. Roberto Guzmán Esparza) solapa posterior (Roberto E. Guzmán Esparza, secretario particular de don Adolfo de la Huerta, 1923-1933)
670 ## - FUENTE EN LA QUE SE LOCALIZARON DATOS
- Cita de la fuente: Memorias de don Adolfo de la Huerta según su propio dictado, 2003
- Información localizada: portada (Roberto Guzmán Esparza)
902 ## - CATALOGADOR
- Catalogador: VAGG/191022
